Mama / (Record no. 4170)

000 -LEADER
fixed length control field nam a22 a 4500
003 - CONTROL NUMBER IDENTIFIER
control field AKMAL
005 - DATE AND TIME OF LATEST TRANSACTION
control field 20170525142324.0
008 - FIXED-LENGTH DATA ELEMENTS--GENERAL INFORMATION
fixed length control field 170525s1995 my 00 may d
020 ## - INTERNATIONAL STANDARD BOOK NUMBER
International Standard Book Number 9838932043 (kkt.):
Terms of availability RM 15.90
040 ## - CATALOGING SOURCE
Original cataloging agency AKMAL
Transcribing agency AKMAL
049 ## - LOCAL HOLDINGS (OCLC)
Holding library mal
082 04 - DEWEY DECIMAL CLASSIFICATION NUMBER
Classification number 899.2333 ABD
090 ## - LOCALLY ASSIGNED LC-TYPE CALL NUMBER (OCLC); LOCAL CALL NUMBER (RLIN)
Classification number (OCLC) (R) ; Classification number, CALL (RLIN) (NR) 899.2333
Local cutter number (OCLC) ; Book number/undivided call number, CALL (RLIN) ABD
090 20 - LOCALLY ASSIGNED LC-TYPE CALL NUMBER (OCLC); LOCAL CALL NUMBER (RLIN)
Local cutter number (OCLC) ; Book number/undivided call number, CALL (RLIN) ABD
100 1# - MAIN ENTRY--PERSONAL NAME
Personal name Abdul Rahim Awang
9 (RLIN) 7716
245 10 - TITLE STATEMENT
Title Mama /
Statement of responsibility, etc. Abdul Rahim Awang
260 ## - PUBLICATION, DISTRIBUTION, ETC.
Place of publication, distribution, etc. Kuala Lumpur :
Name of publisher, distributor, etc. Creative Enterprise,
Date of publication, distribution, etc. 1995
300 ## - PHYSICAL DESCRIPTION
Extent 340ms. :
Other physical details ;
Dimensions 19cm
650 ## - SUBJECT ADDED ENTRY--TOPICAL TERM
Topical term or geographic name entry element Malay fiction
9 (RLIN) 2141
942 ## - ADDED ENTRY ELEMENTS (KOHA)
Source of classification or shelving scheme
Koha item type Book
Holdings
Withdrawn status Lost status Source of classification or shelving scheme Damaged status Not for loan Collection code Home library Current library Date acquired Inventory number Total Checkouts Full call number Barcode Date last seen Price effective from Koha item type
          NON-FICTION AKMAL Melaka AKMAL Melaka 25.05.2017 800527   899.2333 ABD 201705355 25.05.2017 25.05.2017 Book
Pusat Sumber Maklumat Dato' Haji Sarmin Md Hussin, Akademi Kastam Diraja Malaysia, Melaka
Tel: 06-2331106 | Faks: 06-2313787